000 00993nam a2200289 i 4500
003 EG-GICUC
005 20260121101515.0
008 251216s1907 uk || fr|| 00001 ueengdd
040 _aEG-GiCUC
_beng
_cEG-GiCUC
_dEG-GiCUC
_erda
082 0 4 _221
_a338.85042
_bMA . T
092 0 4 _221
099 _aLaw1 13 338.85042 MA . T 1907
100 1 _aMacrosty, Henry W
_eAuthor.
245 4 1 _aThe Trust Movement British Industry :
_bA Study of Business Organisation /
_c Henry W. Macrosty
_n
_h
264 _aLondon :
_bLongmans, Green, and Co ,
_c1907.
300 _a398pages :
_billustrations ؛
_c24 cm
336 _2rda content
_atext
337 _2rda media
_aComputer
338 _2rda carrier
_aOnline Resource
504 _aIncludes bibliographical references and index.
546 _aText in English
650 1 4 _aPublic finance and tax legislation
_2
651 1 _2
856 4 0 _uhttps://fll.law.cu.edu.eg/fulltext/bks/B13-08500.pdf
905 _a50
942 _2ddc
_cBK
_e21
_n0
999 _c51052
_d51052